000 01042nam a2200361 a 4500
003 AR-BaBNM
005 20251128210127.0
008 082120s2002 ||||||||||||||000 | spa||
020 _a950-506-259-1
040 _cAR-BaBNM
100 1 _aCampra, Rosalba
245 0 0 _aComo con bronca y junando
_bla retórica del tango
250 _a1ª ed.
260 _aBuenos Aires
_bEdicial
_c1996
300 _a98 p.
490 0 _aEdicial universidad. Lengua - Lingüística - Comunicación
500 _aContiene referencias bibliográficas en p. 87
500 _aIndice de tangos citados en p. 93
500 _aIndice de autores citados en p. 97
650 4 _aLITERATURA ARGENTINA
650 4 _aSOCIOLOGIA CULTURAL
650 4 _aENSAYO
650 4 _aCRITICA LITERARIA
650 4 _aCOSTUMBRES Y TRADICIONES
650 4 _aIDENTIDAD CULTURAL
650 4 _aMUSICA POPULAR
653 _aTANGO
653 _aMUSICA ARGENTINA
655 _aLITERATURA
800 1 _aArnoux, Elvira
_edirector
942 _cBK
998 _cMARTIN
999 _c14157
_d14157